A modern introduction to moral philosophy
Salvato in:
| Autore principale: | |
|---|---|
| Natura: | Libro |
| Lingua: | inglese |
| Pubblicazione: |
Routledge
2021
|
| Tags: |
Aggiungi Tag
Nessun Tag, puoi essere il primo ad aggiungerne!!
|
MARC
| LEADER | 00000nam a22000007a 4500 | ||
|---|---|---|---|
| 008 | 240806b |||||||| |||| 00| 0 eng d | ||
| 020 | |a 9780367503376 | ||
| 100 | |a MONTEFIORE, Alan | ||
| 245 | |a A modern introduction to moral philosophy |c /Alan Montefiore |g vii, 213p | ||
| 260 | |b Routledge |c 2021 |h New York |i 702269 |i 702270 |l BJ1011.M76 |m Ethics | ||
| 500 | |a it includes references and index Vol 33 | ||
| 942 | |a lcc |c BK |e Johnson | ||
| 952 | |0 0 |1 0 |2 lcc |4 0 |6 BJ1011 M76 |7 0 |9 5422 |a ART |b HOL |c AF |d 2024-08-06 |l 0 |o BJ1011.M76 |p 2024-0663 |r 2024-08-06 00:00:00 |t 702269 |w 2024-08-06 |y BK | ||
| 952 | |0 0 |1 0 |2 lcc |4 0 |6 BJ1011 M76 |7 0 |9 5423 |a HOL |b HOL |c AF |d 2024-08-06 |l 0 |o BJ1011.M76 |p 2024-0664 |r 2024-08-06 00:00:00 |t 702270 |w 2024-08-06 |y BK | ||
| 999 | |c 2682 |d 2682 | ||